000 00473nam a2200193Ia 4500
008 151119s9999||||xx |||||||||||||| ||und||
082 _a79.5479
082 _bGKKV10279
100 _aभावे अनंत
245 _aवडा पाव
260 _a--
260 _b--
260 _c0
600 _aभावे अनंत
630 _aवडा पाव
700 _aभावे अनंत
730 _aवडा पाव
942 _cBOOK
999 _c1064438
_d1064435